Worlds largest banks - Statistics

General Stats
  • This quiz has been taken 32 times
  • The average score is 8 of 20
Answer Stats
Country of establishment Answer % Correct
USA Bank of America
77%
USA Citigroup
73%
UK HSBC
73%
Netherlands ING
70%
Spain Banco Santander SA
67%
USA Wells Fargo
60%
France BNP Paribas
53%
USA JP Morgan Chase
53%
China Bank of China
43%
USA Goldman Sachs
40%
China Industrial and Commercial Bank of China
37%
Japan Mitsubishi UFJ Financial Group
33%
Canada Royal Bank of Canada
30%
China Agricultural Bank of China
20%
China Bank of Communications
17%
China China Construction Bank
17%
Brazil Itau Unibanco
13%
Russia Sberbank
7%
China China Merchants Bank
3%
China Postal Savings Bank of China
0%
No matching quizzes found
Score Distribution
Percent of People with Each Score
Percentile by Number Answered
Your Score History
You have not taken this quiz